00842nam a2200265 a 450000100060000000300080000600500170001400800410003102000150007202000220008703500190010904000320012804100080016008200260016810000220019424500840021625000120030026000530031230000330036549000460039850400390044465000210048365000250050483000470052965147BD-RjUL20211209081406.0170228s1979 njua b 001 0 eng d a0138401578 a0138401403 (pbk.) a(BD-RjUL)65277 aDLCcDLCdDLCdBD-RjULbeng aeng00223a599.938bBRS 19791 aBrace, C. Loring.14aThe stages of human evolution :bhuman and cultural origins /cC. Loring Brace. a2nd ed. aEnglewood Cliffs, N.J. :bPrentice-Hall,cc1979. axi, 116 p. :bill. ;c24 cm.0 aFoundations of modern anthropology series aIncludes Index and Bibliographies. 0aHuman evolution. 0aPrehistoric peoples. aFoundations of modern anthropology series.